| Tag |
First Indicator |
Second Indicator |
Subfields |
| LEADER |
00000cam a2200000 a 4500 |
| 001 |
in00000036267 |
| 005 |
20151007055427.0 |
| 008 |
870819c1922 si af 00110 eng d |
| 020 |
|
|
|a 9971947552
|
| 035 |
|
|
|a (OCoLC)16513896
|
| 035 |
|
|
|9 AAB8212AM
|
| 040 |
|
|
|a CCS
|c CCS
|d TXA
|d UtOrBLW
|
| 049 |
|
|
|a TXAM
|c [A11489620]
|
| 050 |
|
4 |
|a BL1825
|b .W46 1987
|
| 100 |
1 |
|
|a Werner, E. T. C.
|q (Edward Theodore Chalmers),
|d 1864-1954.
|
| 245 |
1 |
0 |
|a Myths & legends of China /
|c E.T.C. Werner.
|
| 264 |
|
1 |
|a Singapore :
|b G. Brash (PTE) Ltd.,
|c [1922]
|
| 264 |
|
3 |
|c 1987 printing
|
| 264 |
|
4 |
|c ©1922
|
| 300 |
|
|
|a 453 pages, 32 unnumbered pages of plates :
|b color illustrations ;
|c 22 cm.
|
| 336 |
|
|
|a text
|b txt
|2 rdacontent
|
| 337 |
|
|
|a unmediated
|b n
|2 rdamedia
|
| 338 |
|
|
|a volume
|b nc
|2 rdacarrier
|
| 490 |
1 |
|
|a Classics of oriental folklore ;
|v no. 1
|
| 500 |
|
|
|a Reprint. Originally published: London : G.G. Harrap, 1922.
|
| 500 |
|
|
|a Includes index.
|
| 650 |
|
0 |
|a Mythology, Chinese.
|
| 650 |
|
0 |
|a Legends
|z China.
|
| 740 |
0 |
|
|a Myths and legends of China.
|
| 830 |
|
0 |
|a Classics of oriental folklore ;
|v no. 1.
|
| 999 |
|
|
|a MARS
|
| 999 |
f |
f |
|s 5befb89d-3ddc-3f05-b974-4ac3ff780286
|i c4e86cff-3602-35db-82d7-7461b79be6db
|t 0
|
| 952 |
f |
f |
|p normal
|a Texas A&M University
|b College Station
|c Sterling C. Evans Library
|d Evans: Library Stacks
|t 0
|e BL1825 .W46 1987
|h Library of Congress classification
|i unmediated -- volume
|m A14811489620
|
| 998 |
f |
f |
|a BL1825 .W46 1987
|t 0
|l Evans: Library Stacks
|